Normal view
MARC view
- Seifert, Elizabeth
Entry Personal Name
001 - CONTROL NUMBER
- control field: 107668
003 - CONTROL NUMBER IDENTIFIER
- control field: NUST
005 - DATE AND TIME OF LATEST TRANSACTION
- control field: 20230125154054.0
008 - FIXED-LENGTH DATA ELEMENTS
- fixed length control field: 230125|| aca||aabn | a|a d
040 ## - CATALOGING SOURCE
- Original cataloging agency: NUST
- Transcribing agency: NUST
100 ## - HEADING--PERSONAL NAME
- Personal name: Seifert, Elizabeth
670 ## - SOURCE DATA FOUND
- Source citation: Work cat.: (NUST)191004: Seifert, Elizabeth,, A certain Doctor French /, [c1943]
